000 00763nam a2200253Ia 4500
003 OSt
005 20220918214417.0
006 a|||||r|||| 00| 0
007 ta
008 220917b |||||||| |||| 00| 0 eng d
024 _a137,337
037 _cTextual
040 _aARTS
_cARTS
_beng
041 _2eng
_aeng
082 _aXM2, M5
100 _aLaclau Ernesto
_9120450
245 0 _aHegemony and socialist strategy
_b towards a radical democratic politics tr by Winston Moors and Paul Commack
260 _aNew York
_bErnesto Laclan and Chantal Mouffe
_c1985
300 _a197p.
_ccm.
650 _aECONOMICS
700 _a Mouffe chantal
_917219
942 _hXM2, M5
_cTEXL
_2CC
999 _c260419
_d260419